000 00614nam a2200181 4500
001 108454
003 ES-MaACL
005 20230906184638.0
007 t|
008 061121s1973 sp r ||||1| spa d
100 1 _aMontero Moliner, Fernando.
_9185661
245 1 3 _aEl empirismo Kantiano /
_cFernando Montero Moliner.
260 _aValencia :
_bUniversidad de Valencia, Departamento de Historia de la FilosofĂ­a,
_c1973.
300 _a295 p. ;
_c23 cm.
710 2 _aUniversidad de Valencia.
_bDepartamento de Historia de la FilosofĂ­a.
_97319
852 _aES-MaACL
_jC-53410
_bR.86536
999 _c108454
_d108454